แสดงรายละเอียดบรรณานุกรม
  กลับหน้าหลัก

Brief Record : Get Marc (ISO 2709) : E-mail record : QR code ปิดหน้าต่าง
หนังสืออ้างอิง E-books : เกี่ยวกับ Collections
LEADER 00000nam 2200000uu 4500
001    211834
003     ULIBM
008    020711s2560 th a 000 0 tha d
020    9786163958130
041    ^atha^beng
050  4 อ LB2362.T5 ก752 2560
245    เกณฑ์มาตรฐานหลักสูตรระดับอุดมศึกษา พ.ศ.2558 และเกณฑ์มาตรฐานที่เกี่ยวข้อง/^cสำนักมาตรฐานและประเมินผลอุดมศึกษา สำนักงานคณะกรรมการการอุดมศึกษา กระทรวงสาธารณสุข
250    พิมพ์ครั้งที่ 1
260    กรุงเทพฯ :^bสำนักมาตรฐานและประเมินผลอุดมศึกษา สำนักงานคณะกรรมการการอุดมศึกษา กระทรวงศึกษาธิการ,^c2560
300    141 หน้า :^bภาพประกอบ ;^c21 ซม.
650  4 การศึกษาขั้นอุดมศึกษา^zไทย^xหลักสูตร
650  4 ^aการศึกษา^xหลักสูตร
650  4 ^aการวางแผนหลักสูตร
710 2  ^aกระทรวงศึกษาธิการ. สำนักงานคณะกรรมการการอุดมศึกษา. สำนักมาตรฐานและประเมินผลอุดมศึกษา
856    ^zเกณฑ์มาตรฐานหลักสูตรระดับอุดมศึกษา.pdf (สารบัญหนังสือ)^uhttp://110.164.94.213/ULIB62015//_fulltext/5/211834/20171224124059_2687.pdf
999    ^aใช้งานได้ทุกระบบ
รายการนี้ยังไม่มีแท็ก
คุณยังไม่ได้ล็อกอิน คุณสามารถมีกิจกรรมร่วมกับเว็บไซต์ได้ แต่ต้องล็อกอินก่อน ::
  ล็อกอิน
ลำดับที่ ประเภท เลขเรียก สถานที่ สถานะ
1. หนังสืออ้างอิง
หนังสืออ้างอิง
อ LB2362.T5 ก752 2560 ฉ.1 
  
ชั้นหนังสืออ้างอิง On Shelf
   [แสดง 1/1 รายการ]

รายการใกล้เคียง
    หัวเรื่อง [การวางแผนหลักสูตร]

BibComment


ยังไม่เคยถูกคอมเมนท์

คอมเมนท์ทรัพยากรรายการนี้
  คอมเมนท์: เกณฑ์มาตรฐานหลักส..
Bib 211834

 
 
 

 Union Library Management : ULibM
Copyright 2026. All Rights Reserved.
скачать бесплатно без регистрации порно красивый секс HD Sex Hindi sex

xxx gou

xxxx

bfxxx

xxxwww

Секса Видео

xxxx

Секса Видео

detube

geilexxx

C99 Shell

worms shell

blod xxx video
Ebony Coed Rihanna Rimes Takes A Dick In Her Young Twat priyaa indian fuck anal and pusssy hardcore indian women xxx desi hardcore fucking part 1 bengalixxxcouple